000 01300nam0a22003491 4500
001 rc\4863228
005 20130426144639.9
021 _aRU
_b[67-83513]
035 _a(NLR Aleph) 008905866
090 _a8732443
_c8732443
100 _a20130426d1967 |||y0rusy50 ca
101 1 _arus
_ceng
102 _aRU
105 _aa z |||||
200 1 _aКвантовая органическая химия
_fПер. с англ. канд. хим. наук М.Н. Варгафтика
_gПод ред. д-ра хим. наук М.Е. Дяткиной
210 _aМосква
_cМир
_d1967
215 _a379 с.
_cчерт.
_d22
300 _aДоп. тит. л.: Quantum organic chemistry. Keniti Higasi, Hiroaki Baba, Alan Rembaum
300 _aПеред загл. авт.: К. Хигаси, Х. Баба, А. Рембаум
320 _aБиблиогр. в конце глав
513 0 _aQuantum organic chemistry
606 _aКвантовая химия
_2psbo
700 1 _aХигаси
_bК.
_gКунио
701 1 _aБаба
_bХ.
701 1 _aРембаум
_bА.
702 1 _aВаргафтик
_bМ. Н.
_4730
702 1 _aДяткина
_bМ. Е.
_4340
801 0 _aRU
_bNLR
_gpsbo
801 1 _aRU
_bELAR
_2rusmarc
852 _aNLR
_j67-5/4722
942 _cBOOK
980 _aNB